Integrating Macs into Windows networks / (Record no. 51044)
[ view plain ]
| 000 -LEADER | |
|---|---|
| fixed length control field | 01751nam a22003137a 4500 |
| 005 - DATE AND TIME OF LATEST TRANSACTION | |
| control field | 20110314162141.0 |
| 008 - FIXED-LENGTH DATA ELEMENTS--GENERAL INFORMATION | |
| fixed length control field | 110314t xxu||||| |||| 00| 0 eng d |
| 010 ## - LCCN (DPL NO) | |
| LC control number | ENG-102121 |
| 020 ## - INTERNATIONAL STANDARD BOOK NUMBER | |
| International Standard Book Number | 9780071071376 |
| Terms of availability | 525.00 |
| 020 ## - INTERNATIONAL STANDARD BOOK NUMBER | |
| International Standard Book Number | 0071071377 |
| Terms of availability | 525.00 |
| 035 ## - SYSTEM CONTROL NUMBER | |
| System control number | EN-85654 |
| 037 ## - SOURCE OF ACQUISITION | |
| Source of stock number/acquisition | DBAD / PUB |
| 040 ## - CATALOGING SOURCE | |
| Original cataloging agency | dpl |
| Language of cataloging | Eng |
| 082 ## - DEWEY DECIMAL CLASSIFICATION NUMBER | |
| Classification number | 004.165 |
| 100 ## - MAIN ENTRY--PERSONAL NAME | |
| 9 (RLIN) | 26524 |
| Personal name | Hart-Davis, Guy |
| 245 ## - TITLE STATEMENT | |
| Title | Integrating Macs into Windows networks / |
| Statement of responsibility, etc | by Guy Hart-Davis |
| 260 ## - PUBLICATION, DISTRIBUTION, ETC. (IMPRINT) | |
| Place of publication, distribution, etc | New Delhi |
| Name of publisher, distributor, etc | Tata McGraw Hill |
| Date of publication, distribution, etc | 2010 |
| 270 ## - ADDRESS | |
| Address | 7, West Patel Nagar |
| City | New Delhi |
| Postal code | 110008 |
| Telephone number | 011-45546396 |
| Electronic mail address | regalbookspub@yahoo.com |
| 300 ## - PHYSICAL DESCRIPTION | |
| Extent | xxi, 410 p. : |
| Dimensions | 23 cm (pbk) |
| Other physical details | ill. |
| 500 ## - GENERAL NOTE | |
| General note | Includes index |
| 505 ## - FORMATTED CONTENTS NOTE | |
| Formatted contents note | Planning your Mac rollout -- Connecting the Macs to the network and active directory -- Binding a Mac OSX server to manage Macs via a "magic triangle" -- Extending active directory to handle Mac clients natively -- Giving your Macs safe access to the internet -- Connecting Macs to microsoft exchange -- Providing home folders and file services to Macs -- Setting up printing on Macs -- Installing and updating software -- Run windows programs on Macs -- Providing remote access for and to Macs -- Backing up and restoring Macs -- Recovering from disasters on Macs -- Adding Macs to small windows networks. |
| 650 ## - SUBJECT ADDED ENTRY--TOPICAL TERM | |
| 9 (RLIN) | 26546 |
| Topical term or geographic name as entry element | Internetworking (Telecommunication) |
| 650 ## - SUBJECT ADDED ENTRY--TOPICAL TERM | |
| Topical term or geographic name as entry element | Cross-platform software development. |
| 9 (RLIN) | 26549 |
| 650 ## - SUBJECT ADDED ENTRY--TOPICAL TERM | |
| Topical term or geographic name as entry element | Macintosh (Computer) |
| 9 (RLIN) | 26551 |
| 650 ## - SUBJECT ADDED ENTRY--TOPICAL TERM | |
| Topical term or geographic name as entry element | IBM-compatible computers. |
| 9 (RLIN) | 26552 |
| 700 ## - ADDED ENTRY--PERSONAL NAME | |
| 9 (RLIN) | 26525 |
| 942 ## - ADDED ENTRY ELEMENTS (KOHA) | |
| Institution code [OBSOLETE] | dpl |
| Item type | English Books |
| Source of classification or shelving scheme | Dewey Decimal Classification |
| Classification part | 004.165 |
| Call number suffix | HAR |
| Withdrawn status | Lost status | Source of classification or shelving scheme | Damaged status | Not for loan | Collection code | Home library | Current library | Date acquired | Source of acquisition | Cost, normal purchase price | Total Checkouts | Full call number | Barcode | Date last seen | Copy number | Cost, replacement price | Koha item type |
|---|---|---|---|---|---|---|---|---|---|---|---|---|---|---|---|---|---|
| Dewey Decimal Classification | Not For Loan | Non-fiction | D.B.Act.Division | D.B.Act.Division | 14/03/2011 | DBAD/PUB | 525.00 | 004.165 HAR | EN-85654 | 14/03/2011 | 1 | 525.00 | English Books |
